Online
Catalog

El Brazalete y otros relatos / (Record no. 42187)

MARC details
000 -CABECERA
campo de control de longitud fija 00673nam a2200193 a 4500
001 - NÚMERO DE CONTROL
campo de control 000042698
005 - FECHA Y HORA DE LA ÚLTIMA TRANSACCIÓN
campo de control 20201002040331.0
008 - DATOS DE LONGITUD FIJA--INFORMACIÓN GENERAL
campo de control de longitud fija 140205s1992 ag 000 c spa d
020 ## - NÚMERO INTERNACIONAL ESTÁNDAR DEL LIBRO
Número Internacional Estándar del Libro 8479693223
040 ## - FUENTE DE LA CATALOGACIÓN
Centro catalogador/agencia de origen DO-SdBNP
Lengua de catalogación spa
Centro/agencia transcriptor BNPHU
082 ## - NÚMERO DE LA CLASIFICACIÓN DECIMAL DEWEY
Número de clasificación xxx
Número de documento/Ítem M953b
100 1# - ENTRADA PRINCIPAL--NOMBRE DE PERSONA
Nombre de persona Mújica Laínez, Manuel,
Fechas asociadas al nombre 1910-
9 (RLIN) 70007
245 13 - MENCIÓN DE TÍTULO
Título El Brazalete y otros relatos /
Mención de responsabilidad, etc. Manuel Mújica Laínez ; editor Germán Sánchez Ruipérez.
260 ## - PUBLICACIÓN, DISTRIBUCIÓN, ETC.
Lugar de publicación, distribución, etc. Buenos Aires :
Nombre del editor, distribuidor, etc. Compañía Europea de Comunicación e Información,
Fecha de publicación, distribución, etc. 1992.
300 ## - DESCRIPCIÓN FÍSICA
Extensión 94 p. ;
Dimensiones 19 cm.
490 1# - MENCIÓN DE SERIE
Mención de serie Biblioteca de el sol
700 12 - PUNTO DE ACCESO ADICIONAL--NOMBRE DE PERSONA
Nombre de persona Sánchez Ruipérez, Germán
Término indicativo de función/relación ed.
9 (RLIN) 70008
830 #0 - PUNTO DE ACCESO ADICIONAL DE SERIE-TÍTULO UNIFORME
Título uniforme Biblioteca de el sol
9 (RLIN) 70009
Holdings
Estado de retiro Estado de pérdida Restricciones de uso No para préstamo Código de colección Localización permanente Ubicación/localización actual Ubicación en estantería Fecha de adquisición Número de inventario Total de préstamos Signatura topográfica completa Código de barras Fecha visto por última vez Precio válido a partir de Tipo de ítem Koha
      Excluido de préstamo Monografías: Libros y Folletos General General En catalogación 05.02.2014 LF1   xxx M953b 42698-10 25.06.2020 25.06.2020 No se presta

Powered by Koha